000 00349cam a22001217a 4500
008 180718b1906 xxu||||| |||| 00| 0 eng d
082 _aA72x54 K466
100 _aKerr, S. Parnell
245 _aFrom Charing Cross to Delhi
_cby S. Parnell Kerr
260 _aLondon
_bT. Fisher Unwin
_c1906
300 _a306p.
650 _aIndia - Description and Travel
999 _c369035
_d369035